000 00526nam a2200205Ia 4500
005 20250923144431.0
008 008 250917s9999 xx 000 0 eng d
037 _aTextual
040 _aDSWL
_beng
_cDSWL
041 _aeng
_2eng
084 _aX90Y1, H6
_qDSWL
100 _aWhyte, W.F
_9824842
245 0 _aIndustry and society
_cby W.F Whyte
260 _aNew York
_c1946
300 _a211 p.
365 _aUSD
_b4
925 _g4
942 _cTEXL
_hX90Y1, H6
999 _c1438832
_d1438832